| 000 | 00367nam a2200097Ia 4500 | ||
|---|---|---|---|
| 008 | 220120s9999||||xx |||||||||||||| ||und|| | ||
| 100 |
_aAiyappa H.M, Bopanna P.G, Dinston Rozario J and Nanaiah, K.C _912333 |
||
| 245 | 0 | _aNetwork authentication using computer finger print for sourc | |
| 260 |
_aCoorg Institute of Technology _bPonnampet _c2011 |
||
| 650 | _aCOMPUTER SCIENCE | ||
| 999 |
_c137919 _d137919 |
||